OPAC Home

Storia Do Mogor or Mogul India 1653-1708 (Record no. 86456)

MARC details
000 -LEADER
fixed length control field 00485nam a2200181Ia 4500
003 - CONTROL NUMBER IDENTIFIER
control field LK-CoDNM
008 - FIXED-LENGTH DATA ELEMENTS--GENERAL INFORMATION
fixed length control field 010623t1907 xxu||||| |||| 00| 1 eng d
040 ## - CATALOGING SOURCE
Original cataloging agency LK-CoDNM
Modifying agency LK-CoDNM
Description conventions LK-CoDNM
041 ## - LANGUAGE CODE
Language code of text/sound track or separate title English
080 ## - UNIVERSAL DECIMAL CLASSIFICATION NUMBER
Universal Decimal Classification number 7 M.2 / 13 S.8
942 ## - ADDED ENTRY ELEMENTS (KOHA)
Koha item type Books
100 ## - MAIN ENTRY--PERSONAL NAME
Personal name Irvine,William
700 ## - ADDED ENTRY--PERSONAL NAME
Personal name Manucci,Niccolao
245 ## - TITLE STATEMENT
Title Storia Do Mogor or Mogul India 1653-1708
260 ## - PUBLICATION, DISTRIBUTION, ETC. (IMPRINT)
Name of publisher, distributor, etc. John Murray
Place of publication, distribution, etc. London
Date of publication, distribution, etc. 1907
300 ## - PHYSICAL DESCRIPTION
Other physical details x,471p.22pl, 22 cm
500 ## - GENERAL NOTE
General note Indian Texts Series.1
Holdings
Withdrawn status Lost status Damaged status Not for loan Collection code Permanent Location Current Location Date acquired Full call number Koha item type
        Monographs Library National Museum Colombo - Sri Lanka Library National Museum Colombo - Sri Lanka 2023-08-02 7 M.2 / 13 S.8 Books
Copyright © 2023 Department of National Museum, Colombo 07, Sri Lanka Funded by UNESCO IFAP UNESCO